Plant breeding reviews. Vol. 4 (Record no. 42651)

MARC details
000 -LEADER
fixed length control field 00388nam a2200145Ia 4500
020 ## - INTERNATIONAL STANDARD BOOK NUMBER
ISBN 0870555286
082 ## - DEWEY DECIMAL CLASSIFICATION NUMBER
Classification number 575:631.52
Item number PLA.4
100 ## - MAIN ENTRY--AUTHOR NAME
Personal name Janick, Jules
245 #0 - TITLE STATEMENT
Title Plant breeding reviews. Vol. 4
260 ## - PUBLICATION, DISTRIBUTION, ETC. (IMPRINT)
Place of publication USA
Name of publisher AVI Publishing Company
Year of publication 1986
650 ## - SUBJECT ADDED ENTRY--TOPICAL TERM
Topical Term Crop improvement
650 ## - SUBJECT ADDED ENTRY--TOPICAL TERM
Topical Term Oil palm tissue culture
942 ## - ADDED ENTRY ELEMENTS (KOHA)
Koha item type Books
Holdings
Withdrawn status Lost status Damaged status Not for loan Home library Current library Date acquired Cost, normal purchase price Full call number Accession Number Koha item type
        RRII Library RRII Library 16/12/2021 55.95 575:631.52 PLA.4 22920 Books